| 000 | 00439nam a2200181Ia 4500 | ||
|---|---|---|---|
| 003 | 0100 | ||
| 008 | 130307s9999 xx 000 0 und d | ||
| 040 | _cARRUPELIB | ||
| 050 | _aBL1851.J61934 | ||
| 100 | _aJohnson, Reginald F | ||
| 245 | _aConfucianism and Modern China | ||
| 245 | _bThe Lewis Fry Memorial Lectures 1933-34 | ||
| 260 | _aLondon | ||
| 260 | _bVictor Gollanncz LTD | ||
| 260 | _c1934 | ||
| 300 | _a272p | ||
| 942 | 0 | 0 | _01 |
| 999 |
_c85975 _d85975 |
||